Success of startups

Definovanie startupov. Podnikateľské modely, inovácia. Inovačný potenciál startupu bol analyzovaný na jednom úspešnom a dvoch nových startupoch.

Guardado en:
Detalles Bibliográficos
Autor principal: Bednár, Richard, 1985-
Formato: Capítulo de libro
Lenguaje:inglés
Materias:
Etiquetas: Agregar Etiqueta
Sin Etiquetas, Sea el primero en etiquetar este registro!

MARC

LEADER 00000naa a2200000 4500
001 0200668
005 20240502073407.8
041 0 |a eng 
044 |a SK 
245 1 0 |a Success of startups  |c Richard Bednár 
520 |a Definovanie startupov. Podnikateľské modely, inovácia. Inovačný potenciál startupu bol analyzovaný na jednom úspešnom a dvoch nových startupoch. 
610 2 0 |a start-up 
610 2 0 |a modely podnikateľské 
100 1 |a Bednár, Richard, 1985-